[Event "NED-ch U11 Girls"]
[Site "Waalwijk"]
[Date "2011.04.22"]
[Round "5"]
[White "Egberink, Lucie"]
[Black "Stikker, Isabelle"]
[Result "1-0"]
[WhiteElo "812"]
[BlackElo "771"]
[PlyCount "79"]
[EventDate "2011.04.22"]
[EventType "swiss"]
[EventRounds "9"]
[EventCountry "NED"]
[SourceTitle "EXT 2012"]
[Source "ChessBase"]
[SourceDate "2011.11.24"]
[SourceVersion "1"]
[SourceVersionDate "2011.11.24"]
[SourceQuality "1"]

1. c4 e5 2. e4 Nf6 3. Nc3 Nc6 4. Nf3 Bc5 5. Be2 d6 6. d3 h6 7. Nd5 Be6 8. 0-0 0-0 9. Bd2 Bxd5 10. cxd5 Nd4 11. Nxd4 Bxd4 12. h3 Bxb2 13. Rb1 Bd4 14. Rxb7 c5 15. dxc6 Qc8 16. Be3 Qxc6 17. Rb1 d5 18. Bxd4 exd4 19. e5 Nd7 20. Rc1 Qe6 21. Bg4 Qe7 22. Bxd7 Qxd7 23. Rc5 Qe6 24. Re1 a6 25. Qb3 Rfd8 26. Qb4 Rab8 27. Qxd4 f6 28. f4 fxe5 29. fxe5 Ra8 30. a4 a5 31. Rec1 Ra6 32. Rc7 Rb6 33. Qe3 Rdd6 34. Qg3 Rd7 35. d4 Kf8 36. Rc8+ Kf7 37. Rf1+ Ke7 38. Qh4+ g5 39. Qf2 h5 40. Qf8# 1-0